| 000 | 01108nam a22002897i 4500 | ||
|---|---|---|---|
| 003 | DO-SdBNP | ||
| 005 | 20250514133400.0 | ||
| 007 | ta | ||
| 008 | 230613b2001 dr ac||| |||| 00| 0 spa d | ||
| 020 | _a9788482613611 | ||
| 040 |
_aDO-SdBNP _bspa _cBNPHU _erda |
||
| 082 | 4 | _222 | |
| 100 |
_aIncháustegui, María Isabel, _929568 _eautora |
||
| 245 | 0 | 0 |
_aCuaderno de lengua y literatura 4 : _bdel segundo curso del segundo ciclo de la educación media / _cMaría Isabel Inchaustegui ; dirección editorial Obdulia García de Escobar ; editor, Manuel García Cartagena, ilustración Ruddy Núñez |
| 264 |
_aSanto Domingo : _bSantillana, _c2001. |
||
| 300 |
_a103 páginas : _bilustraciones ; _c28 cm. |
||
| 336 |
_2rdacontent _atexto _btxt |
||
| 337 |
_2rdamedia _asin mediación _bn |
||
| 338 |
_2rdacarrier _avolumen _bnc |
||
| 490 | _aUmbral | ||
| 590 | _aInventariado, 2023/BT | ||
| 700 | 1 |
_aGarcía Cartagena, Manuel _eeditor _912067 |
|
| 700 | 1 |
_aGarcía Escobar, Obdulia de _edirección editorial _929220 |
|
| 700 | 1 |
_aNúñez, Ruddy, _eilustración _923171 |
|
| 910 | _aBtavárez | ||
| 942 |
_2ddc _cLBS1 |
||
| 999 |
_c54783 _d54783 |
||